000 00304nam a22001337a 4500
008 170329b xxu||||| |||| 00| 0 eng d
020 _a07216838.9
041 _aeng
080 _23ED
_a616-053.2
100 _a8
101 _aSHM
245 _aRECOGNIZABLE PATTERNS MALFORMATION
_cSMITH
942 _2udc
_cBK
999 _c8920
_d8920